000 00565cam a2200193 4500
001 D16370
008 090401t1980 xxu||||| |||| 00| 0 eng d
035 _a(Sirsi) u28912
041 _aeng
050 _a333.332
110 _aRoyal Institution of Chartered Surveyors
_94900
245 _aValuation standards and reports. Conference Thursday 27th November 1980
260 _bRICS
_c1980
350 _a0
520 _aProgramme and paper synopses ; Filed in box RICS 1980/90AB
710 _aGeneral Practice Division
_9752
942 _n0
948 _c04/03/1997
999 _c89359
_d89359